| 000 | 00912nam a22002777a 4500 | ||
|---|---|---|---|
| 001 | 4906 | ||
| 003 | FISKH | ||
| 005 | 20241023144024.0 | ||
| 008 | 241023b cb ||||| |||| 00| 0 eng d | ||
| 020 | _a086706000X | ||
| 040 |
_aFISKH _beng _cFISKH _dFISKH |
||
| 050 | _aGC21.S64 | ||
| 082 | _a551.46 | ||
| 100 | _aSmith, Sandra | ||
| 245 |
_aDiscovering the sea / _cby Sandra Smith |
||
| 260 |
_aEngland : _bStonehenge Press Inc ; _c1981 . |
||
| 300 |
_a96 pages : _billustrations, maps ; _c26 cm . |
||
| 505 | _aU | ||
| 520 | _aExamines physical aspects of the sea, including its floor, waves, tides, and currents, describes marine life, and explores the sea as a source of food, energy, and minerals. | ||
| 521 | 8 |
_a820
_bLexile estimate |
|
| 521 | 8 |
_aU
_bRaz-Plus |
|
| 650 |
_aocean _vChildren's Science Books |
||
| 700 |
_aBowen , Ezra _eeditor |
||
| 942 |
_2ddc _cBK _n0 |
||
| 999 |
_c4906 _d4906 |
||